| 000 | 00894nam a2200205 a 4500 | ||
|---|---|---|---|
| 001 | 57704 | ||
| 005 | 20180714054012.0 | ||
| 008 | 140415s1991 mx 000 0 spa d | ||
| 020 | _a9700502155 | ||
| 041 | _aspa | ||
| 082 |
_a301.1 _bPRI |
||
| 100 | 1 | _aPRIETO, JOSE LUIS | |
| 245 | 1 | 3 |
_aLA UTOPIA SKINNERIANA : _bBASES PSICOLOGICAS |
| 250 | _a1a ed. | ||
| 260 |
_aMEXICO : _bGRIJALBO, _c1991 |
||
| 300 |
_a397 _c13.4 x 1.3 x 20.8 |
||
| 490 | _aLOS NOVENTA | ||
| 520 | _aEL MODELO UTOPICO PROPUESTO POR B. F SKINNER PARTE DE LA IDEA DE QUE BAJO LOS SUPUESTOS DE ANALISIS EXPERIMENTAL DE LA CONDUCTA , PUEDE CONSTRUIRSE UN PROYECTO DE SOCIEDAD BASADO EN EL REFUERZO POSITIVO. ESTE PLANTEAMIENTO HA PROVOCADO DESDE SU FORMULACION REACCIONES CONTRADICTORIAS , PERO SIEMPRE INTENSAS Y AMPLIAMENTE DISCUTIDAS. | ||
| 650 | 1 | 4 |
_aCOMPORTAMIENTO SOCIAL _xSOCIEDAD _xTEORIA _xSOCIOLOGIA |
| 999 |
_c57704 _d57704 |
||